000 01302nam a2200349Ia 4500
001 ebr10099190
003 CaPaEBR
006 m u
007 cr cn|||||||||
008 930129s1993 enk sb 001 0 eng d
010 _z 93016367
020 _z0203416570
020 _z0415072999
020 _z0415073006 (pbk.)
040 _aCaPaEBR
_cCaPaEBR
035 _a(OCoLC)52479981
050 1 4 _aHC79.E5
_bO513 1993eb
100 1 _aO'Neill, John,
_d1956-
245 1 0 _aEcology, policy, and politics
_h[electronic resource] :
_bhuman well-being and the natural world /
_cJohn O'Neill.
260 _aLondon ;
_aNew York :
_bRoutledge,
_c1993.
300 _ax, 227 p.
504 _aIncludes bibliographical references (p. 209-219) and index.
533 _aElectronic reproduction.
_bPalo Alto, Calif. :
_cebrary,
_d2009.
_nAvailable via World Wide Web.
_nAccess may be limited to ebrary affiliated libraries.
650 0 _aAnimal welfare.
650 0 _aConservation of natural resources.
650 0 _aEcology.
650 0 _aEnvironmental policy.
650 0 _aHuman ecology.
655 7 _aElectronic books.
_2local
710 2 _aebrary, Inc.
856 4 0 _uhttp://site.ebrary.com/lib/rucke/Doc?id=10099190
_zAn electronic book accessible through the World Wide Web; click to view
999 _c97007
_d97007